Gemeinden von Amstetten - Statistiken

Allgemein
  • Dieses Quiz wurde 389 mal gespielt
  • Das Durchschnittsergebnis liegt bei 19 aus 34
Antwortstatistiken
Einwohner Gemeinde % Korrekt
23.727 Amstetten
97%
9.314 St. Valentin
92%
5.569 Haag
80%
5.194 St. Peter in der Au
76%
3.456 Seitenstetten
69%
549 St. Georgen am Reith
66%
2.877 St. Georgen am Ybbsfelde
66%
3.540 Ardagger
60%
3.001 Ennsdorf
60%
2.674 Euratsfeld
58%
3.853 Sonntagberg
58%
2.643 Kematen an der Ybbs
57%
1.926 Oed-Oehling
56%
2.168 Wallsee-Sindelburg
56%
3.811 Aschbach-Markt
55%
2.243 Biberbach
54%
2.240 Ernsthofen
54%
2.113 Neustadtl an der Donau
54%
3.664 Haidershofen
53%
3.419 Behamberg
52%
2.617 St. Panthaleon-Erla
52%
2.091 Strengberg
52%
2.147 Allhartsberg
51%
2.970 Neuhofen an der Ybbs
51%
2.228 Weistrach
51%
1.703 Hollenstein an der Ybbs
49%
2.004 Wolfsbach
49%
3.411 Ybbsitz
49%
1.370 Viehdorf
46%
1.799 Ferschnitz
44%
912 Opponitz
44%
1.260 Ertl
43%
1.894 Zeillern
43%
1.736 Winklarn
35%
Keine übereinstimmenden Quizze gefunden
Verteilung der Resultate
Anzahl Personen mit jedem Resultat
Perzentil nach korrekt beantworteten Fragen
Ihre Resultats-Entwicklung
Sie haben dieses Quiz noch nicht gespielt